| 000 | 01277nam0a2200361 4500 | ||
|---|---|---|---|
| 001 | RU\NLR\bibl\813467 | ||
| 005 | 20250614133700.0 | ||
| 021 |
_aRU _b2005-486п _918 |
||
| 035 | _a(NLR Aleph) 000802517 | ||
| 090 |
_a1190252 _c1190252 |
||
| 100 | _a20050627d2004 |||y0rusy50 ca | ||
| 101 | 0 | _arus | |
| 102 | _aRU | ||
| 105 | _aa ||||||||| | ||
| 200 | 1 |
_aПсихология сказки и сказкотерапия _e[Сб. ст.] |
|
| 210 |
_aМ. _cБ.и. _d2004 |
||
| 215 |
_a199 с _cил. _d20 |
||
| 225 | 1 |
_aЖурнал практического психолога _eНауч.-практ. журн. _vN 5 : Темат. вып. |
|
| 320 | _aБиблиогр. в конце ст. | ||
| 606 | 1 |
_aСказкотерапия _jСборники _92082655 _3RU\NLR\auth\661258682 |
|
| 606 | 1 |
_aСказка _jСборники _xВоспитательное значение _91631534 _3RU\NLR\auth\661019020 |
|
| 606 | 1 |
_aВолшебные сказки _91330788 _3RU\NLR\auth\66238546 |
|
| 686 | _aЮ948.1-82я43 | ||
| 686 | _aЮ984.92я43 | ||
| 686 | _aЧ313я43 | ||
| 686 | _aШ201.31 | ||
| 686 | _aШ3(0)-615.1 | ||
| 801 | 0 |
_aRU _bNLR _c20050627 _gPSBO |
|
| 801 | 1 |
_aRU _bNLR _c20050627 |
|
| 852 |
_aNLR _jП25/241 |
||
| 942 | _cBOOK | ||
| 980 | _aNB | ||